| 000 | 00524nam a2200217 a 4500 | ||
|---|---|---|---|
| 999 |
_c6730 _d6730 |
||
| 001 | 6730 | ||
| 003 | BD-JhCC | ||
| 005 | 20180129103646.0 | ||
| 008 | 180129s e a|||| || | 000 0 eng d | ||
| 035 | _a(BD-JhCC)6730 | ||
| 040 |
_aBD-JhCC _dBD-JhCC |
||
| 041 | _aeng | ||
| 082 |
_a598.29411 _bBAT |
||
| 100 | _aBatten, H. Mortimer | ||
| 245 |
_aTales of Wild Bird Life / _cH. Mortimer Batten, |
||
| 260 |
_aLondon : _bBlackie, |
||
| 300 |
_a224 p. : _c20 cm. |
||
| 650 | _aBirds | ||
| 942 |
_2ddc _cBK |
||